00472cam a22001572 4500001001100000005001700011008004100028020002600069040001500095050001700110110006600127245004900193260003000242300001600272650002600288000000205420151217155815.0070402s xx 000 0 eng d a9966760016 :cKES 400 aKABUcKABU 0aHF1008b.S772 aStrathmore University.bDistance Learning Centre.@000015076910aBusiness studies :bform four paper no. 565. aNairobi :bS.U.P.,c2006. axiv, 230 p. 0aBusiness.@0000149956